Teorías económicas sobre el mercado de trabajo (Registro nro. 5296)

Detalles MARC
000 -LEADER
fixed length control field 01106 a2200241 4500
001 - CONTROL NUMBER
control field 53951
005 - DATE AND TIME OF LATEST TRANSACTION
control field 20260407155810.0
008 - FIXED-LENGTH DATA ELEMENTS--GENERAL INFORMATION
fixed length control field 260407a2008 arg spa d
003 - CONTROL NUMBER IDENTIFIER
control field AR-UNSa-BCEJYS
040 ## - CATALOGING SOURCE
Original cataloging agency AR-UNSa-BCEJYS
Language of cataloging spa
Transcribing agency AR-UNSa-BCEJYS
080 ## - UNIVERSAL DECIMAL CLASSIFICATION NUMBER
Universal Decimal Classification number 331.5
Common auxiliary subdivision Mercado de Trabajo. Empleo
020 ## - INTERNATIONAL STANDARD BOOK NUMBER
International Standard Book Number 978-950-557-739-2
041 ## - LANGUAGE CODE
Language code of text/sound track or separate title spa
100 1# - MAIN ENTRY--PERSONAL NAME
Personal name Eymard-Duvernay, François
245 10 - TITLE STATEMENT
Title Teorías económicas sobre el mercado de trabajo
Name of part/section of a work III. Análisis Institucionalistas
264 #1 - PRODUCTION, PUBLICATION, DISTRIBUTION, MANUFACTURE, AND COPYRIGHT NOTICE
Place of production, publication, distribution, manufacture Buenos Aires :
Name of producer, publisher, distributor, manufacturer Fondo de Cultura Económica
Date of production, publication, distribution, manufacture, or copyright notice 2008
300 ## - PHYSICAL DESCRIPTION
Extent 305 p.
Dimensions 23 cm.
505 ## - FORMATTED CONTENTS NOTE
Formatted contents note 1. Defectos de cooperación para los enfoques institucionalistas del mercado de trabajo - 2. Revisitando enfoques teóricos institucionalistas sobre mercado de trabajo - 3. Las teorías de las segmentación de los mercados de trabajo - 4. El estudio de mercado de trabajo de la Teoría de la Regulación
590 ## - LOCAL NOTE (RLIN)
Local note niveau_biblio:m niveau_hierar:0
700 1# - ADDED ENTRY--PERSONAL NAME
Personal name Neffa, Julio César
856 41 - ELECTRONIC LOCATION AND ACCESS
Uniform Resource Identifier <a href="https://biblioeco.unsa.edu.ar/pmb/images/libros/L128488.jpg">https://biblioeco.unsa.edu.ar/pmb/images/libros/L128488.jpg</a>
Link text Imagen de portada
Electronic format type image/jpeg
942 ## - ADDED ENTRY ELEMENTS (KOHA)
Koha item type
Existencias
Withdrawn status Lost status Damaged status Not for loan Home library Current library Shelving location Date acquired Total checkouts Full call number Barcode Date last seen Price effective from Koha item type
        Biblioteca Prof. Eusebio Cleto del Rey Biblioteca Prof. Eusebio Cleto del Rey   07/04/2026   331.5 E97 L128488 07/04/2026 07/04/2026 Libro